00459nam a22001692 4500001001100000005001700011008004100028020001700069040001500086100003100101245005200132250001300184260003600197300001700233650003600250852000300286000001916220151217152147.0101018s xx 000 0 eng d a0137042868 : aKABUcKABU1 aCoulter, Mary.@000015704610aStrategic management in action /cMary Coulter. a5th ed. aBoston :bPrentice Hall,c2010. axix, 311 p. 0aStrategic planning.@00001505761